| 000 | 00964nam a2200193Ia 4500 | ||
|---|---|---|---|
| 003 | OSt | ||
| 005 | 20251208093556.0 | ||
| 007 | ca aa aaaaa | ||
| 008 | 201103s9999 xx 000 0 und d | ||
| 040 | _cSSBUL | ||
| 041 | _abur | ||
| 082 |
_a၂၉၄.၃၄၄၃ _bဝါ |
||
| 100 |
_a ဝါယာမာဘိဝံသ၊ ရှင်၊ သတ္တမမြောက်ကျော်အောင်စံထားဆရာတော် _917405 |
||
| 245 | 0 |
_aပုတီးစိပ်ကိုယ်တွေ့မှတ်တမ်းသိဒ္ဓိမဟိဒ္ဓိမန္တာန်ဝိဇ္ဇာထွက်လမ်းကျမ်းမြတ်မဟာအတွဲ(၃) / _cသတ္တမမြောက်ကျော်အောင်စံထားဆရာတော်။ |
|
| 300 |
_a၂၂၅ စာမျက်နှာ ၊ _c၂၅ စင်တီ။ |
||
| 500 | _aS-SAT: Dr. Sai Aung Tun | ||
| 942 | _cBK1 | ||
| 942 | _2ddc | ||
| 999 |
_c16831 _d16831 |
||